| 000 | 00415nam a2200157 a 4500 | ||
|---|---|---|---|
| 020 | _a0702127744 | ||
| 040 | _cDLC | ||
| 082 | 0 | 0 | _a307 JUT 1992 C149 Or. |
| 100 | 1 | _aSwanepoel, Hennie. | |
| 245 | 1 | 0 |
_aCommunity development : _bputting plans into action / |
| 250 | _a2nd. ed. | ||
| 260 |
_aKenwyn : _bJuta, _c1992. |
||
| 300 |
_avii, 146 p. : _bill. ; _c21 cm. |
||
| 650 | 0 | _aCommunity development. | |
| 942 | _cAEDBB | ||
| 999 |
_c18649 _d18649 |
||